000
00274nam a22001217a 4500
008
160519b xxu||||| |||| 00| 0 eng d
020
_a
9780393061161
020
_a
0393061167
041
_a
eng
080
_a
61
245
_a
Cultural amnesia:
_c
Clive James;
942
_2
udc
_c
BK
999
_c
2239
_d
2239